<?xml version="1.0" encoding="UTF-8"?>
<marc:record xmlns:marc="http://www.loc.gov/MARC21/slim">
   <marc:leader>00000nam a2200000 a 4500</marc:leader>
   <marc:datafield ind1=" " ind2=" " tag="653">
      <marc:subfield code="a">Zweiter Weltkrieg</marc:subfield>
   </marc:datafield>
   <marc:datafield ind1=" " ind2=" " tag="653">
      <marc:subfield code="a">ab 12</marc:subfield>
   </marc:datafield>
   <marc:datafield ind1=" " ind2=" " tag="653">
      <marc:subfield code="a">Thriller</marc:subfield>
   </marc:datafield>
   <marc:datafield ind1=" " ind2=" " tag="653">
      <marc:subfield code="a">Spionage</marc:subfield>
   </marc:datafield>
   <marc:datafield ind1=" " ind2=" " tag="653">
      <marc:subfield code="a">DVD</marc:subfield>
   </marc:datafield>
   <marc:datafield ind1="0" ind2="0" tag="245">
      <marc:subfield code="a">The Imitation Game</marc:subfield>
   </marc:datafield>
   <marc:datafield ind1="0" ind2="0" tag="245">
      <marc:subfield code="b">ein streng geheimes Leben</marc:subfield>
   </marc:datafield>
   <marc:datafield ind1=" " ind2="1" tag="264">
      <marc:subfield code="b">Universum Film GmbH</marc:subfield>
      <marc:subfield code="c">2015</marc:subfield>
   </marc:datafield>
   <marc:datafield ind1="1" ind2=" " tag="520">
      <marc:subfield code="a">England, zu Beginn des Zweiten Weltkriegs: Der geniale Mathematiker Alan Turing wird vom britischen Geheimdienst engagiert, um den als unentschlüsselbar geltenden Enigma-Code der deutschen Wehrmacht zu knacken. Mit seiner arrogant wirkenden Art macht sich Turing jedoch keine Freunde. Nur die junge Mathematikerin Joan Clarke hält zu ihm. Während Turing fieberhaft an einer Rechenmaschine arbeitet, die Enigma entschlüsseln soll, kommen sich die beiden näher. Doch Turing hat ein wohl gehütetes Geheimnis, welches nicht an die Öffentlichkeit kommen darf.</marc:subfield>
   </marc:datafield>
</marc:record>
